Fölöttünk virágoztak a sziklák

Bibliographic Details
Main Author: Mickov, Georgi, 1921-2002 (Author)
Other Authors: Csehy, Zoltán, 1973- (Translator), Bojkov, Nikolaj, 1968- (Translator)
Format: Article
Language:Hungarian
Subjects:

MARC

LEADER 00000nab a2200000 4500
001 vtls012147273
003 SK-MaSNL
005 20260318140521.0
008 220826|2022 xo |||| || ||00 0|hun
015 |a SNBRB2022/08 
038 |a DSZK 
040 |a DSZK  |b slo  |c DSZK  |e rda 
041 0 |a hun 
044 |a xo  |c SK 
072 7 |a 821.511.1  |x Ugrofínske literatúry  |2 konspekt 
080 |a 821.511.141-1  |2 2011 
100 1 |a Mickov, Georgi,  |d 1921-2002  |4 aut  |9 1111887 
245 1 0 |a Fölöttünk virágoztak a sziklák  |c Georgi Mickov; preložil: Bojkov Nikolaj, Csehy Zoltán 
336 |a text  |b txt  |2 rdacontent 
337 |a bez média  |b n  |2 rdamedia 
338 |a zväzok  |b nc  |2 rdacarrier 
650 0 7 |a maďarská poézia  |2 SNKPH  |9 1294 
655 7 |a lyrické básne  |2 SNKPH  |9 99506 
700 1 |a Csehy, Zoltán,  |d 1973-  |4 trl  |9 86541 
700 1 |a Bojkov, Nikolaj,  |d 1968-  |4 trl  |9 1111888 
773 0 |t Irodalmi Szemle  |g Évf. LXV, sz. 7-8 (2022), o. 3  |x 1336-5088 
958 |a HU 
958 |a BG 
958 |a LX 
999 |c 1834708  |d 1836638